Central Library OPAC University of Rajshahi
Normal view MARC view

Entry Personal Name

Number of records used in: 5

001 - CONTROL NUMBER

  • control field: 9729

003 - CONTROL NUMBER IDENTIFIER

  • control field: BD-RjUL

005 - DATE AND TIME OF LATEST TRANSACTION

  • control field: 20231022125734.0

008 - FIXED-LENGTH DATA ELEMENTS

  • fixed length control field: 231022|| aca||aabn | a|a d

040 ## - CATALOGING SOURCE

  • Original cataloging agency: BD-RjUL
  • Transcribing agency: BD-RjUL

100 ## - HEADING--PERSONAL NAME

  • Personal name: Johnson, Terry,
  • Dates associated with a name: 1934-2006

670 ## - SOURCE DATA FOUND

  • Source citation: Work cat.: (BD-RjUL)82176: Caldarone, Marina author 9723, Actions :